The Moravian brethren and Himalayan cultures : (Record no. 92069)

MARC details
000 -LEADER
fixed length control field 00900nam a22002297a 4500
005 - DATE AND TIME OF LATEST TRANSACTION
control field 20150421143700.0
010 ## - LCCN (DPL NO)
LC control number ENG-112296
020 ## - INTERNATIONAL STANDARD BOOK NUMBER
International Standard Book Number 9788121512787
Terms of availability 1995.00
035 ## - SYSTEM CONTROL NUMBER
System control number EN-95828
037 ## - SOURCE OF ACQUISITION
Source of stock number/acquisition DBAD/PUB
082 ## - DEWEY DECIMAL CLASSIFICATION NUMBER
Classification number 284.65496
100 ## - MAIN ENTRY--PERSONAL NAME
Personal name Beszterda, Rafal
245 ## - TITLE STATEMENT
Title The Moravian brethren and Himalayan cultures :
Statement of responsibility, etc by Rafal Beszterda ; English translation by Thomas Anessi.
Remainder of title evangelisation, society, industry /
260 ## - PUBLICATION, DISTRIBUTION, ETC. (IMPRINT)
Place of publication, distribution, etc New Delhi
Name of publisher, distributor, etc Munshiram Manoharlal
Date of publication, distribution, etc 2013
270 ## - ADDRESS
Address PO Box 5715,54 Rani Jhansi Road,
City New Delhi
Postal code 110055
300 ## - PHYSICAL DESCRIPTION
Extent 361p.:
Dimensions 25cm(Hb)
Other physical details ill.
500 ## - GENERAL NOTE
General note Includes bibliographical references (pages 305-333) and indexes.
610 ## - SUBJECT ADDED ENTRY--CORPORATE NAME
Corporate name or jurisdiction name as entry element Moravian Church
General subdivision Missions
Geographic subdivision Himalaya Mountains Region.
650 ## - SUBJECT ADDED ENTRY--TOPICAL TERM
Topical term or geographic name as entry element Christianity
Geographic subdivision Himalaya Mountains Region
General subdivision History
700 ## - ADDED ENTRY--PERSONAL NAME
Personal name Anessi, Thomas.
942 ## - ADDED ENTRY ELEMENTS (KOHA)
Source of classification or shelving scheme Dewey Decimal Classification
Item type English Books
Call number suffix BES
Classification part 284.65496
Holdings
Withdrawn status Lost status Not for loan Collection code Home library Current library Date acquired Source of acquisition Cost, normal purchase price Full call number Barcode Copy number Cost, replacement price Koha item type
    Not For Loan Non-fiction D.B.Act.Division D.B.Act.Division 04/03/2015 DBAD/PUB 1995.00 284.65496 BES EN-95828 1 1995.00 English Books

© Delhi Public Library
Hit Counter
free hit counter